000 00493nam a22001337a 4500
040 _cRUA
082 _aLMA LON 2017 B652 Or.
100 _aLONG SAM ANG ឡុង សំអាន
245 _aសិក្សារពីផែនការប្រើប្រាស់ដីធ្លីដោយផ្តោតទៅលើតំបន់កសិឧស្សាហកកម្ម
260 _aRUA
_bPhnom penh
_c2017
300 _ax;53p
_bill;
_c29cm
856 _uLONG SAM ANG
942 _cLMA
999 _c18485
_d18485